000 01509nam a22003737a 4500
001 17936
003 CO-MdFUSB
005 20240531062738.0
008 170602t2010 s ||||| |||| 00| 0 s d
020 _a978-84-9945-112-1
040 _aCO-MdFUSB
_bspa
_cCO-MdFUSB
_dCO-MdFUSBC
_erda
041 0 _aspa
082 0 4 _aG 221.04 T7862e
100 1 _aTreek Nilsson, Mike van 1974-
_eautor
245 0 _aExpresión literaria del placer en la Biblia hebrea
_c/ Mike van Treek Nilsson
264 4 _aEstella, Navarra :
_bVerbo Divino,
_c©2010
300 _a444 p. 24 cm
336 _2rdacontent
_a1
_ba1
337 _2rdamedia
_a2
_b5
338 _2rdacarrier
_a2
_b5
501 _aEn rústico
505 0 0 _aEl placer revisado en la cultura -- Lexicografía del placer -- Hacia un prototipo del placer -- A modo de conclusión: metáforas y léxicos centrales del placer -- La puesta en escena del placer -- Un modelo de análisis narrativo -- Traje desastre: 1 Sam 17,55-21-1-- Espuma en las caderas: 2 Sam 13,1-22 -- La mitad del amor: Gn 29,1 -30,24
650 7 _aCristianismo
_2
_922
650 7 _aDolor
_9282
650 7 _aCrítica literaria
_9527
650 7 _aSociología cristiana
_9405
650 7 _aÉtica cristiana
_2
_9185
650 7 _aAmor
_xAspectos religiosos
_vCristianismo
_2
_9255
653 _aPlacer - Biblia A.T.
653 _aBiblia A.T. - Placer - Estética literaria
653 _aPlacer - Moral y ética
653 _aPlacer - aspectos religiosos - Cristianismo
942 _cBK
999 _c44430
_d44430